000 00577nam a2200229Ia 4500
003 OSt
005 20221005123739.0
006 a|||||r|||| 00| 0
007 ta
008 221004b |||||||| |||| 00| 0 eng d
024 _a58547
037 _cTextual
040 _aCRL
_cCRL
_beng
041 _2eng
_aeng
082 _aV2:25xM69w, H61
100 _aAkkad B J
_9634164
245 0 _aMahatma Gandhi
_b A short life of Gandhiji
260 _c1946
650 _aHISTORY
942 _hV2:25xM69w, H61
_cTEXL
_2cc
999 _c1048359
_d1048359